00246nam a2200109Ia 4500008004100000082001700041100001500058245001900073260002700092300000900119650000800128191201s2006 xx 000 0 und d a346.066bKAC aKAPOOR, GK 0aCorporate Laws aN. DelhibTexmanc2006 aMISC aBBA